Exploring earth and life through time

Αποθηκεύτηκε σε:
Λεπτομέρειες βιβλιογραφικής εγγραφής
Κύριος συγγραφέας: Stanley, Steven M.
Μορφή: Βιβλίο
Γλώσσα:English
Δημοσίευση: New York : W.H. Freeman & Co., c1993
Θέματα:
Ετικέτες: Προσθήκη ετικέτας
Δεν υπάρχουν, Καταχωρήστε ετικέτα πρώτοι!

MARC

LEADER 00000nam a2200000 i 4500
001 1/17084
008 980828s1993 eng d
020 |a 0-7167-2339-5 
035 |l 10020429 
040 |a GR-MY-UA  |b gre  |e aacr 
041 0 |a eng 
082 0 |a 551.7 
100 1 |a Stanley, Steven M. 
245 1 0 |a Exploring earth and life through time /  |c Steven M. Stanley 
260 |a New York :   |b W.H. Freeman & Co.,   |c c1993 
300 |a 538 p.  |b fig. 
504 |a Includes bibliographical references and index 
650 0 0 |a Historical geology. 
852 |a INST  |b LESVOS  |e 19980828  |h 551.7 STA  |p 005100013106  |q 005100013106  |t BK  |y 0 
901 |a BIBL-1998-3 
909 |a Λ  |b 058973 
922 |a 1ΕΛΗ  |b 199808  |c ΚΠΣ/ΤΠ  |d ΠΑΠΑΣΩΤΗΡΙΟΥ 
950 |a 107-1998-04-08